Basic Partial Differential Equations /

Contenido: Repaso e introducción; Ecuaciones diferenciales parciales de primer orden; La ecuación de calor; Series de Fourier y teoría de Sturm-Liouville; La ecuación de onda; Ecuación de Laplace; Transformaciones de Fourier; Introducción a las soluciones numéricas de las ecuaciones diferenciales pa...

Popoln opis

Shranjeno v:
Bibliografske podrobnosti
Glavni avtor: Bleecker, David (autor)
Drugi avtorji: Csordas, George (autor) (autor)
Format: Knjiga
Jezik:angleščina
Izdano: Cambridge, EUA : International Press, 2003, c2003
Teme:
Oznake: Označite
Brez oznak, prvi označite!

MARC

LEADER 00000nam^a2200000^a^4500
001 000182905
005 20250521000000.0
009 20260310102024.211
020 |a 1-57146-036-5 
037 |a Acervo ITESO - Biblioteca 
041 |a ING 
082 |a 515. 353  |b BLE 
100 |a Bleecker, David  |e (autor) 
245 1 0 |a Basic Partial Differential Equations /  |c D. Bleecker, G. Csordas. 
264 4 |a Cambridge, EUA :  |b International Press,  |c 2003, c2003 
300 |a [18], 735 p. 
336 |a texto  |b txt  |2 rdacontenido 
337 |a sin mediación  |b n  |2 rdamedio 
338 |a volumen  |b nc  |2 rdasoporte 
520 |a Contenido: Repaso e introducción; Ecuaciones diferenciales parciales de primer orden; La ecuación de calor; Series de Fourier y teoría de Sturm-Liouville; La ecuación de onda; Ecuación de Laplace; Transformaciones de Fourier; Introducción a las soluciones numéricas de las ecuaciones diferenciales parciales; Ecuaciones diferenciales parciales en dimensiones más altas. 
649 |a XX 
650 |a Ecuación de Onda 
650 |a Ecuación de Calor 
650 |a Ecuaciones Diferenciales Parciales -  |x Soluciones Numéricas 
650 |a Ecuaciones Diferenciales Parciales 
650 |a Matemáticas 
700 |a Csordas, George  |e (autor) 
910 |a Fondo General 
920 |a Impresos - Libros 
930 |a Colección General 
905 |a 101 
901 |a 0500123149  |b IT1  |c ACC  |u 20250521 
902 |a https://opac.biblio.iteso.mx/vufind/Record/000182905